000 00531nam a2200193Ia 4500
005 20250326145446.0
008 250326s9999 xx 000 0 und d
037 _aTextbook
040 _aFMSL
_beng
_cFMSL
041 _aeng
_2eng
084 _qFMSL
100 _aMandal M K
_9751197
245 0 _aUnderstanding facial expressions in communication
_cMandal M K; Awasthi A
260 _aUnited Kingdom
_bUnited Kingdom, NY
_c2015
365 _b7510.25
650 _aManagement
942 _cTB
999 _c1307646
_d1307646